| 000 | 01043nmm a2200337 a 4500 | ||
|---|---|---|---|
| 003 | AR-BaBNM | ||
| 005 | 20251128203345.0 | ||
| 008 | 297019s1952 ||||||||||||||000 | spa|| | ||
| 040 | _cAR-BaBNM | ||
| 100 | 1 | _aWesley, Edgar Bruce | |
| 245 | 1 | 0 | _aTeaching social studies in elementary schools |
| 260 |
_aBoston _bD.C. Heath _c1952 |
||
| 300 | 1 |
_axiii, 466 p. _btablas, il., láms. |
|
| 500 | 0 | _aContiene referencias bibliográficas al final de cada capítulo | |
| 500 | 0 | _aContiene índice | |
| 500 | 0 | _aContiene glosario | |
| 650 | 4 | _aCIENCIAS SOCIALES | |
| 650 | 4 | _aENSENANZA DE LAS CIENCIAS SOCIALES | |
| 650 | 4 | _aAMBIENTE EDUCACIONAL | |
| 650 | 4 | _aRELACION ALUMNO-DOCENTE | |
| 650 | 4 | _aESTUDIOS SOCIALES | |
| 650 | 4 | _aCURRICULO DE ENSENANZA PRIMARIA | |
| 650 | 4 | _aSELECCION DE MATERIAL DIDACTICO | |
| 650 | 4 | _aTECNICAS DIDACTICAS | |
| 650 | 4 | _aOBJETIVOS EDUCACIONALES | |
| 650 | 4 | _aENSENANZA AUDIOVISUAL | |
| 653 | 0 | _aEDUCACION PRIMARIA | |
| 700 | 1 |
_aAdams, Mary A. _ecolaborador |
|
| 942 | _cBK | ||
| 998 | _cSILVI | ||
| 999 |
_c3025 _d3025 |
||